000 00737nam a22001817a 4500
005 20250108170208.0
010 _aHIN-129105
020 _a9789393434173
_c399.00
035 _aHN-101451
037 _bDBAD
082 _a181.499
100 _aओशो
_976148
245 _aसम्यक शिक्षा/
_cओशो
260 _aलखनऊ
_bदिव्यांश पब्लिकेशन
_c2022
270 _aसेक्टर सी-1-30, अंसल एपीआई सुशांत गोल्फ सिटी
_bलखनऊ
_e226030
_k9415181960
_k8318363261
_mdivyanshprakshan@gmail.com
300 _a138पृ.
_c23सेमी (सजिल्द)
942 _2ddc
_cHN
_h181.499
_mओशो
999 _c207997
_d207997